Statistics for Marvel Legendary - All Masterminds

Click here to take the quiz!

General Stats

  • This quiz has been taken 72 times
    (8 since last reset)
  • The average score is 83 of 103

Answer Stats

ExpansionCharacter% Correct
Dark CityApocalypse
100%
X-MenArcade
100%
Captain America 75th AnniversaryArnim Zola
100%
Civil WarAuthoritarian Iron Man
100%
Paint the Town RedCarnage
100%
X-MenDark Phoenix
100%
Core SetDr. Doom
100%
Marvel Studios' Guardians of the GalaxyEgo, the Living Planet
100%
DeadpoolEvil Deadpool
100%
Fantastic FourGalactus
100%
World War HulkGeneral "Thunderbolt" Ross / Red Hulk
100%
S.H.I.E.L.D.HYDRA High Council
100%
S.H.I.E.L.D.HYDRA Super-Adaptoid
100%
World War HulkIlluminati
100%
DimensionsJ. Jonah Jameson
100%
Black PantherKillmonger
100%
Marvel Studios' What If ...?Killmonger, The Betrayer
100%
World War HulkKing Hulk
100%
Core Set | Marvel Studios 10th AnniversaryLoki
100%
Core SetMagneto
100%
Civil WarMaria Hill, Director of S.H.I.E.L.D.
100%
Fantastic FourMole Man
100%
Paint the Town RedMysterio
100%
VillainsNick Fury
100%
VillainsOdin
100%
X-MenOnslaught
100%
VenomPoison Thanos
100%
2099Sinister Six 2099
100%
Guardians of the Galaxy | Marvel Studios' The Infinity SagaThanos
100%
NoirThe Goblin, Underworld Boss
100%
Ant-ManUltron
100%
Marvel Studios' What If ...?Ultron Infinity
100%
Villains: Fear ItselfUru-Enchanted Iron Man
100%
Spider-Man HomecomingVulture
100%
Secret Wars Volume 1Wasteland Hulk
100%
Secret Wars Volume 1Zombie Green Goblin
100%
Spider-Man HomecomingAdrian Toomes
83%
2099Alchemax Executives
83%
AnnihilationAnnihilus
83%
Civil WarBaron Helmut Zemo
83%
NoirCharles Xavier, Professor of Crime
83%
Doctor Strange and the Shadows of NightmareDormammu
83%
VillainsDr. Strange
83%
Marvel Studios' The Infinity SagaEbony Maw
83%
ChampionsFin Fang Foom
83%
Marvel Studios' Ant-Man and the WaspGhost
83%
Marvel Studios' What If ...?Hank Pym, Yellowjacket
83%
Heroes of AsgardHela, Goddess of Death
83%
Dark CityKingpin
83%
Black PantherKlaw
83%
Midnight SonsLilith, Mother of Demons
83%
RevelationsMandarin
83%
Realm of KingsMaximus the Mad
83%
Doctor Strange and the Shadows of NightmareNightmare
83%
ChampionsPagliacci
83%
VillainsProfessor X
83%
Core Set | Marvel Studios 10th AnniversaryRed Skull
83%
Marvel Studios' Guardians of the GalaxyRonan the Accuser
83%
Guardians of the GalaxySupreme Intelligence of the Kree
83%
Black WidowTaskmaster
83%
World War HulkThe Sentry / The Void
83%
Captain America 75th AnniversaryBaron Heinrich Zemo
67%
Messiah ComplexBastion, Fused Sentinel
67%
Marvel Studios' Ant-Man and the WaspDarren Cross / Yellowjacket
67%
X-MenDeathbird
67%
The New MutantsEmma Frost, the White Queen
67%
Messiah ComplexExodus
67%
VenomHybrid
67%
Secret Wars Volume 2Immortal Emperor Zheng Zhu
67%
Marvel Studios 10th AnniversaryIron Monger
67%
Marvel Studios' Ant-Man and the WaspKang
67%
AnnihilationKang the Conqueror
67%
Into the CosmosMagus
67%
Heroes of AsgardMalekith the Accursed
67%
Dark CityMephisto
67%
Civil WarMisty Knight
67%
World War HulkM.O.D.O.K.
67%
Ant-ManMorgan Le Fay
67%
Dark CityMr. Sinister
67%
Secret Wars Volume 1Nimrod, Super Sentinel
67%
X-MenShadow King
67%
Secret Wars Volume 2Shiklah, the Demon Bride
67%
Dark CityStryfe
67%
Into the CosmosThe Beyonder
67%
World War HulkThe Red King
67%
Marvel Studios' What If ...?Zombie Scarlet Witch
67%
The New MutantsBelasco, Demon Lord of Limbo
50%
Realm of KingsEmperor Vulcan of the Shi'ar
50%
Into the CosmosGrandmaster
50%
RevelationsGrim Reaper
50%
Black WidowIndestructible Man
50%
Secret Wars Volume 2King Hyperion
50%
Messiah ComplexLady Deathstrike
50%
DeadpoolMacho Gomez
50%
Secret Wars Volume 1Madelyne Pryor, Goblin Queen
50%
X-MenMojo
50%
Civil WarRagnarok
50%
Secret Wars Volume 2Spider Queen
50%
RevelationsThe Hood
50%
Midnight SonsZarathos
50%

Score Distribution

Percentile by Number Answered

Percent of People with Each Score

Your Score History

You have not taken this quiz since the last reset